20 Most Streamed Songs from 2013 on Spotify - Statistics

General Stats
  • This quiz has been taken 230 times
    229 since last reset
  • The average score is 13 of 20
Answer Stats
Artist Song % Correct
Katy Perry Dark Horse
95%
Katy Perry Roar
95%
Avicii Wake Me Up
90%
John Legend All of Me
85%
Lorde Royals
85%
Eminem Rap God
83%
Bastille Pompeii
78%
Daft Punk Get Lucky
75%
One Direction Story of My Life
75%
Passenger Let Her Go
67%
Arctic Monkeys Do I Wanna Know?
63%
Arctic Monkeys Why'd You Only Call Me When You're High?
63%
Arctic Monkeys I Wanna Be Yours
63%
MAGIC! Rude
61%
The Neighbourhood Sweater Weather
49%
George Ezra Budapest
45%
Tom Odell Another Love
43%
Milky Chance Stolen Dance
36%
Capital Cities Safe And Sound
30%
Kodaline All I Want
9%
No matching quizzes found
Score Distribution
Percent of People with Each Score
Percentile by Number Answered
Your Score History
You have not taken this quiz since the last reset